| 000 | 00552nam a2200193 a 4500 | ||
|---|---|---|---|
| 005 | 20240228063921.0 | ||
| 008 | 080409s2007 es r 000 0 spa d | ||
| 020 | _a9788481317084 | ||
| 035 | _aUPN01000155355 | ||
| 049 | _aI | ||
| 050 | 4 |
_aPZ71 _bG5.36 |
|
| 100 | 1 |
_aGiménez, Teresa _932268 |
|
| 245 | 1 | 4 |
_aLos colores de Popus / _cTeresa Giménez. |
| 260 |
_aValència [Esp.] : _bTàndem, _c2007. |
||
| 300 |
_a[28] p. : _bprincipalmente il. col. |
||
| 650 | 4 |
_aLibros y lectura para niños _92290 |
|
| 650 | 4 |
_aCOLORES _96786 |
|
| 905 | _aInfantil | ||
| 999 |
_c127470 _d127470 |
||